A Course in Electrical Technology (Record no. 226)
[ view plain ]
| 000 -LEADER | |
|---|---|
| fixed length control field | 00401nam a2200145 4500 |
| 005 - DATE AND TIME OF LATEST TRANSACTION | |
| control field | 20260420094508.0 |
| 008 - FIXED-LENGTH DATA ELEMENTS--GENERAL INFORMATION | |
| fixed length control field | 260420b |||||||| |||| 00| 0 eng d |
| 020 ## - INTERNATIONAL STANDARD BOOK NUMBER | |
| International Standard Book Number | 978-93-5014-415-2 |
| 100 ## - MAIN ENTRY--PERSONAL NAME | |
| Personal name | Gupta J.B |
| 245 ## - TITLE STATEMENT | |
| Title | A Course in Electrical Technology |
| Statement of responsibility, etc. | /J.B. Gupta |
| 250 ## - EDITION STATEMENT | |
| Edition statement | 14th ed |
| 260 ## - PUBLICATION, DISTRIBUTION, ETC. | |
| Place of publication, distribution, etc. | New Delhi, India; |
| Name of publisher, distributor, etc. | S.K. kataria & Sons; |
| Date of publication, distribution, etc. | 2016 |
| 300 ## - PHYSICAL DESCRIPTION | |
| Extent | xxvi,ill; |
| Dimensions | 29cm |
| 942 ## - ADDED ENTRY ELEMENTS (KOHA) | |
| Source of classification or shelving scheme | Library of Congress Classification |
| Suppress in OPAC | No |
| Koha item type | Books |
No items available.
